| 000 | 00589nam a2200205 4500 | ||
|---|---|---|---|
| 003 | OSt | ||
| 005 | 20260530115300.0 | ||
| 008 | 260513b |||||||| |||| 00| 0 eng d | ||
| 020 | _a9781844071814 | ||
| 040 |
_aICI _bspa _cICI |
||
| 050 |
_aTS171.4 _b.C43 |
||
| 100 | 1 |
_aChapman, Jonathan _931122 |
|
| 245 | 1 | 0 |
_aEmotionally durable Design: _bObjects, Experiences & Empathy / |
| 264 | 1 |
_bEarthscan, UK _c2005 _aEstados Unidos de América |
|
| 300 | _a211 páginas | ||
| 336 |
_atexto _2rdacontent |
||
| 337 |
_asin medio _2rdamedia |
||
| 338 |
_avolumen _2rdacarrier |
||
| 942 |
_2lcc _cBK _n1 |
||
| 999 |
_c12814 _d12814 |
||